Sobre el consenso- Primer enbozo. Parte 2: los proyectos políticos hoy en América Latina /

Na minha lista:
Detalhes bibliográficos
Autor principal: Lechner, Norbert
Autor Corporativo: Encuentro de científicos sociales y teólogos sobre el tema " El discernimiento de las utopías", 2 / Norbert Lechner
Formato: Procedimiento de la Conferencia
Tags: Adicionar Tag
Sem tags, seja o primeiro a adicionar uma tag!

MARC

LEADER 00000 a a2200000 04500
001 45042
003
040
100 |a Lechner, Norbert  
111 |a Encuentro de científicos sociales y teólogos sobre el tema " El discernimiento de las utopías", 2 /  |c Norbert Lechner 
245 |a Sobre el consenso- Primer enbozo. Parte 2: los proyectos políticos hoy en América Latina /  |c Norbert Lechner  
773 |g páginas 139-152  
999 |c 22634  |d 22634